La república de los Lacedemonios

Guardado en:
Detalles Bibliográficos
Autor principal: Jenofonte (Autor)
Formato: Libro
Lenguaje:español
griego
Publicado: Madrid, España Centro de Estudios Constitucionales 1989
Colección:Clásicos Políticos
Materias:
Etiquetas: Agregar Etiqueta
Sin Etiquetas, Sea el primero en etiquetar este registro!

MARC

LEADER 00000nam a2200000 a 4500
001 UCH5671
003 CL-VaPUC
005 20211214074211.0
008 091015e19890000SP |||||||||||||||||spa|d
999 |c 336773  |d 336771 
020 |a 842590277 
040 |c Pontificia Universidad Católica de Valparaíso 
041 0 7 |a spa  |2 CL-VaPUC 
041 0 7 |a gre  |2 CL-VaPUC 
082 0 4 |a 320.938 JEN 1989  |2 21 
100 |a Jenofonte  |e author  |9 335230 
245 1 3 |a La república de los Lacedemonios 
260 |a Madrid, España  |b Centro de Estudios Constitucionales  |c 1989 
300 |a 103 páginas 
490 0 |a Clásicos Políticos 
583 |a last modification  |c 20091015 00:00:00  |k Rodrigo Vera 
650 0 |a Política  |9 255312 
650 0 |a Historia antigua  |9 267521 
651 0 |a Grecia  |9 265314 
852 |a BIBCUR 
942 |c BK  |2 ddc 
945 |d 20091015 00:00:00  |a rbrito 
952 |0 0  |1 0  |2 ddc  |4 0  |6 320_938000000000000_JEN_1989  |7 0  |8 A  |9 428698  |a BIBHIS  |b BIBHIS  |d 2019-11-22  |i 4606132  |o 320.938 JEN 1989  |p 4606132  |r 2025-01-20  |t 1  |w 2019-11-22  |y BK  |k HIS